| 000 | 00812nam a22001697a 4500 | ||
|---|---|---|---|
| 008 | 110726s ua||||gr|||| 00| 0 ara d | ||
| 082 |
_222 _a320.962 _bف خ ر |
||
| 100 |
_926431 _aفخر ، محمد ماجد |
||
| 245 |
_aطريق مصر و تحدى البقاء/ _cماجد محمد فخر |
||
| 260 |
_aالقاهرة: _bالمطبعة العربية الحديثة،[د.ن _c[د.ن] |
||
| 300 |
_a432 ص؛ _c24سم. |
||
| 651 |
_926434 _aمصر _xالجغرافيا السياسية |
||
| 651 |
_98785 _aمصر - _xالتخطيط الاقتصادى |
||
| 653 |
_bGeneral _cJuly2011 |
||
| 942 |
_2ddc _cBB |
||
| 999 |
_c15739 _d15739 |
||